[Event "NED-ch U14 Girls"]
[Site "Almelo"]
[Date "2023.05.06"]
[Round "7"]
[White "Grigoriu, Eva"]
[Black "Ganeshram, Niranjana"]
[Result "0-1"]
[WhiteElo "1045"]
[BlackElo "775"]
[PlyCount "46"]
[EventDate "2023.04.30"]
[EventType "swiss"]
[EventRounds "7"]
[EventCountry "NED"]
[SourceTitle "CBM 214 Extra"]
[Source "ChessBase"]
[SourceDate "2023.07.31"]
[SourceVersion "1"]
[SourceVersionDate "2023.07.31"]
[SourceQuality "1"]

1. e4 e5 2. Nf3 Nc6 3. Bc4 Bc5 4. d3 h6 5. c3 Nf6 6. h3 0-0 7. 0-0 d6 8. Re1 Ne7 9. d4 exd4 10. cxd4 Bb4 11. Bd2 Bxd2 12. Nbxd2 b6 13. d5 Bd7 14. Qc2 Qc8 15. Kh2 b5 16. Bd3 Nh5 17. Nd4 Nf4 18. Re3 Neg6 19. Bxb5 Bxb5 20. Nxb5 Nh4 21. Rg3 Nhxg2 22. Rxg2 Qxh3+ 23. Kg1 Qxg2# 0-1